000 00597nam a2200193 a 4500
001 000022224
005 20200930011634.0
008 100920s1996 sp f 000 0 spa d
020 _a8485041429
040 _aDO-SdBNP
_bspa
_cBNPHU
082 _axxx
_bL171g
100 1 _aLafuente Ferrari, Enrique
_945960
245 1 0 _aGoya :
_bdibujos /
_cEnrique Lafuente Ferrari.
260 _a[Madrid] :
_bSilex,
_c1996.
300 _a262 p. :
_blam. ;
_c23 cm.
500 _aIncluye notas al pie de páginas e índice de referencia de las láminas
504 _aBibliografías : p. 261-262
049 _aBNPD
999 _c21722
_d21722